Premiers ministres restés le moins longtemps en poste - Statistiques

Statistiques générales
  • Ce quiz a été pris 54 fois
  • Le résultat moyen est 9 sur 11
Statistiques - réponses
Durée Premier ministre % Correct
10 mois et 17 jours Edith Cresson
94%
2 ans,1 mois et 20 jours Jacques Chirac (2e période)
92%
5 mois et 4 jours Bernard Cazeneuve
88%
1 an,11 mois et 14 jours Dominique de Villepin
82%
1 an,10 mois et 13 jours Jean-Marc Ayrault
82%
1 an,8 mois et 3 jours Laurent Fabius
82%
11 mois et 27 jours Pierre Bérégovoy
82%
2 ans et 15 jours Alain Juppé
70%
2 ans,1 mois et 12 jours Edouard Balladur
70%
11 mois et 11 jours Maurice Couve de Murville
70%
1 an,10 mois et 22 jours Pierre Messmer
60%
Aucun quiz correspondant
Distribution des résultats
% des personnes avec chaque résultat
Percentile par nombre de réponses
Votre historique - résultats
Vous n’avez pas pris ce quiz